| 000 | 00740nas a2200241 4500 | ||
|---|---|---|---|
| 001 | BR2010003017 | ||
| 003 | BR-BrBNA | ||
| 005 | 20231205114046.0 | ||
| 007 | ta | ||
| 008 | 230509b bl.|||p| |||| 00| 00por d | ||
| 040 |
_aBR-BrBNA _bpor _cBiblioteca Nacional de Agricultura |
||
| 041 | _a(Pt) | ||
| 072 | _aK70 | ||
| 100 | 1 | _aNunes, J.R.S. | |
| 100 | 1 | _aSoares, R.V. | |
| 100 | 1 | _aBatista, A.C. | |
| 245 | 1 | _aPrometheus, sistema computaconal integrado de controle de incêndios florestais | |
| 650 | _aINCÊNDIO FLORESTAL | ||
| 650 | _aPROTEÇÃO FLORESTAL | ||
| 773 | 0 |
_tFloresta (Brazil) _xISSN 0015-3826 _g(Set-Dec 2007), v. 37(3) p. 369-386 _wBR2010003017 |
|
| 909 |
_a202311 _bLúcia _c55 _dLúcia Elande |
||
| 942 |
_2AGRIS _n0 _cANA |
||
| 999 |
_c206914 _d206914 |
||